Twilight Saga : Abilities - Statistics

General Stats
  • This quiz has been taken 2,208 times
  • The average score is 8 of 23
Answer Stats
Hint Answer % Correct
Has ^ ability Edward Cullen
99%
Has ^ ability Alice Cullen
95%
Has ^ ability Bella Cullen
93%
Has ^ ability Jasper Cullen
84%
Has ^ ability Aro
72%
Has ^ ability Jane
71%
Has ^ ability Renesmee Cullen
58%
Has ^ ability Alec
49%
Has ^ ability Benjamin
44%
Has ^ ability Kate
40%
Has ^ ability Zafrina
31%
Read minds of another individual Telepathy
15%
Blocks any and all kinds of psychic powers that act on invading the mind Mental Shield
5%
Predict future Precognition
2%
Trick an individual's mind into thinking they are in burning pain Pain Illusion
1%
Sense and change the emotions of the people around him Pathokinesis
1%
Project a painful electric-like jolt into another person through physical contact Psychic Electrokinesis
1%
Destroy or penetrate a mental shield Shield Penetration
1%
Read people's minds by touching them Tactile Telepathy
1%
Place her thoughts and memories into another person's mind Tactile Thought Projection
1%
Control the four elements of nature - earth, air, water, and fire with his mind Elemental Manipulation
0%
Cut off people's senses: sight, taste, smell, touch, and hearing. Mist crawling. Sense Deprivation
0%
Project vivid images into another's mind Visual Projection
0%
No matching quizzes found
Score Distribution
Percent of People with Each Score
Percentile by Number Answered
Your Score History
You have not taken this quiz